00674nam a2200229 a 4500001001300000003000900013005001700022008004100039020000900080082002100089100002100110245002900131260004100160300000800201500003500209650001700244700002100261902000800282942000700290952013200297999001500429nice12345678IN_TiNIC20260116012617.0070405s1990 newa grp 000 0 eng  ac7500a305.480297bKHA2 aKhan, Qamaruddin aStatus of Women in Islam aNew DelhibSterling Publishersc1990 a79p aincludes index and biblioraphy aMuslim Women1 aKhan, Qamaruddin bSRS cBK 001040708StackRoom-aHMIbHMId2007-10-30g75.00l2o305.480297 KHA2p014384r2020-02-07s2020-02-06v75.00w2007-04-05yBK c7661d7661